000
00264nam a2200097 a 4500
005
20201002031305.0
008
130412s2012 000 spa d
245
3
_a
La más extraordinaria historia jámas contada.
260
_a
Santo Domingo,
_c
2012.
999
_c
38030
_d
38030
040
_a
DO-SdBNP